000 01103cam a22002651i 4500
003 SA-RiAUC
005 20241120072352.0
008 241111s1993____su g b f000 0dara c
040 _aSA-JeALM
_bara
_cSA-RiAUC
_erda
082 0 4 _a251
_qSA-RiAUC
090 _a251
_bج ب و
100 1 _aالجبوري، حسين بن خلف
_eمؤلف.
245 1 2 _aالإمام أبو العباس بن سريج وآراوه الأصولية والمتوفي سنة 306 هـ /
_cحسين بن خلف الجبوري.
250 _aالطبعة الأولى.
264 1 _aمكة المكرمة :
_bحسين بن خلف الجبوري،
_c1993
300 _a56 صفحة ؛
_c24 سم
336 _aنص
_btxt
_2rdacontent
_3كتاب
337 _aبدون وسيط
_bn
_2rdamedia
338 _aمجلد
_bnc
_2rdacarrier
504 _aببليوجرافية : صفحة 51-56.
600 1 7 _aابن سريج، أحمد بن عمر البغدادي،
_d249-306 هجري
_xدين
_2aucnm
650 7 _aأصول الفقه الإسلامي
_2aucsh
942 _2ddc
_cBOOK
_n0
949 _aSA-JeALM
_d241111
_umohamedma123
_n1
999 _c2570
_d2570